000 01178nam a2200385 a 4500
001 21297
003 CZ PrNK
005 20260226115720.0
007 ta
008 100413s2010 xr a a 000 1 slo
015 _acnb002096308
020 _a9788025213711
_q(brož.)
035 _a(OCoLC)649801257
040 _aOLA001
_bcze
041 1 _aslo
_heng
072 7 _a821-93
_xLiteratura pro děti a mládež (beletrie)
_2Konspekt
080 _a821-93
_2MRF
080 _a(0.025.2)
_2MRF
245 0 0 _aMáme radi počty /
_c[z anglického originálu preložila Elena Kotová]
250 _a1. vyd.
260 _aV Prahe :
_bEgmont,
_c2010
300 _a[10] s. :
_bbarev. il. ;
_c16 cm
500 _aNad názvem: Disney
500 _aZpracováno na základě knihy A.A. Milnea a E.H. Sheparda Winnie the Pooh
500 _aKartonové listy
655 7 _aleporela
_2czenas
655 7 _apublikace pro děti
_2czenas
655 9 _afolding picture-books
_2eczenas
655 9 _achildren's literature
_2eczenas
710 2 _aWalt Disney Enterprises
765 0 _tNumbers
901 _b9788025213711
_f1. vyd.
_o20100513
910 _aABA001
942 _2ddc
_cKLDE
_n0
999 _c21297
_d21297